<The> Features of Regional Investment Analysis in Relation To the Corporate Sector of Economy in Conditions of Globalization

Článok sa zaoberá regionálnymi znakmi vplyvu investícií na dynamiku hrubého regionálneho produktu v rôznych skupinách regiónov, ako aj vo vzťahu k podnikovému sektoru regionálnej ekonomiky v rámci globalizácie.

Guardado en:
Detalles Bibliográficos
Autor principal: Ignatyev, Vladimir G.
Otros Autores: Nurtdinov, Ilgiz I.
Formato: Capítulo de libro
Lenguaje:inglés
Materias:
Etiquetas: Agregar Etiqueta
Sin Etiquetas, Sea el primero en etiquetar este registro!

MARC

LEADER 00000nla a2200000 4500
001 0247980
005 20220803161520.2
041 0 |a eng 
044 |a SK 
245 1 0 |a <The> Features of Regional Investment Analysis in Relation To the Corporate Sector of Economy in Conditions of Globalization  |c Vladimir G. Ignatyev, Ilgiz I. Nurtdinov 
520 |a Článok sa zaoberá regionálnymi znakmi vplyvu investícií na dynamiku hrubého regionálneho produktu v rôznych skupinách regiónov, ako aj vo vzťahu k podnikovému sektoru regionálnej ekonomiky v rámci globalizácie. 
610 2 0 |a investície 
610 2 0 |a investície rozvojové 
610 2 0 |a investície verejné 
610 2 0 |a rozvoj hospodársky 
610 2 0 |a rozvoj vidieka 
610 2 0 |a rozvoj regionálny 
610 2 0 |a demografia ekonomická 
610 2 0 |a demografia sociálna 
100 1 |a Ignatyev, Vladimir G. 
700 1 |a Nurtdinov, Ilgiz I.